000 00546nam a22001817a 4500
005 20250602120349.0
010 _aENG-145095
020 _a9788193312858
_c300.00
035 _aEN-128627
037 _bDBAD
082 _aS
_21
100 _aCherian, Reena
_981505
245 _aJuxta Pose:
_bSeven Stories Of Adoption/
_cReena Cherian
260 _aNew Delhi
_bAlterNotes Press
_c2017
270 _a161/55, Hasrat Mohani Lane, Ghafoor Nagar Road Jamia Nagar,
_bNew Delhi
_e110025
300 _axvi, 85p.
_c21cm.(Hb)
942 _2ddc
_cEN
_hS
_mCHE
999 _c211483
_d211483